Historia Moderna

Guardat en:
Dades bibliogràfiques
Autor principal: Corvisier, André (Autor)
Format: Llibre
Idioma:espanyol
Publicat: Barcelona Labor 1982
Edició:4a. ed
Col·lecció:Labor Universitaria Manuales
Matèries:
Etiquetes: Afegir etiqueta
Sense etiquetes, Sigues el primer a etiquetar aquest registre!

MARC

LEADER 00000nam a2200000 a 4500
001 UCW9094
003 CL-VaPUC
008 881130e19820000SP |||||||||||||||||spa|d
082 0 4 |a 940.25  |b COR  |2 21 
100 0 |a Corvisier, André  |e author  |9 314229 
245 1 0 |a Historia Moderna 
250 |a 4a. ed 
300 |a 492 p 
942 |c BK 
945 |d 19881130 00:00:00 
260 |a Barcelona  |b Labor  |c 1982 
650 0 |a Historia moderna  |9 268036 
650 0 |a Civilización moderna   |9 265455 
583 |a last modification  |c 19881130 00:00:00  |k Rodrigo Vera 
490 0 |a Labor Universitaria Manuales 
999 |c 221145  |d 221143 
952 |0 0  |1 0  |4 0  |6 940_250000000000000_COR_1982  |7 0  |8 A  |9 214165  |a BIBHIS  |b BIBHIS  |d 2019-11-15  |i 2827875  |o 940.25 COR 1982  |p 2827875  |r 2025-01-20  |w 2019-11-15  |y BK  |k HIS 
952 |0 0  |1 0  |4 0  |6 940_250000000000000_COR_1982  |7 0  |8 A  |9 214166  |a BIBHIS  |b BIBHIS  |d 2019-11-15  |i 2827883  |o 940.25 COR 1982  |p 2827883  |r 2025-01-20  |w 2019-11-15  |y BK  |k HIS